| 000 | 00867nam a2200289Ia 4500 | ||
|---|---|---|---|
| 001 | Para_1942 | ||
| 003 | CHAP | ||
| 008 | 220125s1992 xx 000 0 und d | ||
| 010 | _a200549 | ||
| 040 | _cCHAP | ||
| 082 | _aPA 632.96 T5 | ||
| 100 |
_aTjamos, E.C. _9165410 |
||
| 245 |
_aBiological control of plant diseases : _b progress and challenges for the future / _c by E.C. Tjamos, G.C. Papavizas and R.J. Cook |
||
| 260 |
_aNew York : _b Plenum press |
||
| 300 | _a462 p. | ||
| 440 |
_aNato asi series a : life sciences; 230 _9165411 |
||
| 650 |
_aControl biológico de hongos _927580 |
||
| 700 |
_aCook, R.J. _9165412 |
||
| 700 |
_aPapavizas, G.C. _9165413 |
||
| 901 | _aPA 632.96 T5 | ||
| 902 | _aA | ||
| 905 | _a0000001992 i 0000000000 00 | ||
| 910 | _a1992 | ||
| 942 | _cPARA | ||
| 942 |
_cPARA _d1 |
||
| 999 |
_c200549 _d200549 |
||